[Event "TG Biberach 1 - SC Weiße Dame Ulm 1"]
[Site "Oberliga Württemberg 2017/2018"]
[Date "2017.11.12"]
[Round "4"]
[White "Weiß, Oliver"]
[Black "Weber, Franz-Josef"]
[Result "1-0"]
[WhiteElo "2236"]
[BlackElo "2046"]
[Annotator ""]
[Source ""]
[Remark ""]

1.d4 g6 2.e4 Bg7 3.Nc3 d6 4.Be2 Na6 5.Be3 Nf6 6.f4 O-O 7.h3 Nd7
8.Nf3 c5 9.O-O cxd4 10.Bxd4 Bxd4+ 11.Qxd4 Nac5 12.Kh2 b6 13.Bc4
Nf6 14.e5 dxe5 15.Qxd8 Rxd8 16.fxe5 Nh5 17.Ng5 Be6 18.Nxe6 Nxe6
19.Rf2 Rac8 20.Bb3 Rc5 21.Raf1 Rxe5 22.Rxf7 Re8 23.Nd5 Nf6 24.R7xf6
exf6 25.Nxf6+ Kf7 26.Ng4+ Ke7 1-0

[Event "TG Biberach 1 - SC Weiße Dame Ulm 1"]
[Site "Oberliga Württemberg 2017/2018"]
[Date "2017.11.12"]
[Round "4"]
[White "Schulze, Andreas"]
[Black "Wolf, Rainer"]
[Result "0-1"]
[WhiteElo "2203"]
[BlackElo "2004"]
[Annotator ""]
[Source ""]
[Remark ""]

1.e4 c6 2.d4 d5 3.e5 Bf5 4.h4 Nh6 5.Bxh6 gxh6 6.Bd3 Bxd3 7.Qxd3
Qd7 8.Ne2 Na6 9.Qf3 Rg8 10.Nd2 Qg4 11.Qb3 O-O-O 12.Nf1 c5 13.Ne3
Qd7 14.dxc5 e6 15.c6 bxc6 16.c3 c5 17.Rd1 Qc6 18.Qc2 Rg7 19.b3
Be7 20.Ng3 Qc7 21.Qe2 Qa5 22.Kf1 Nc7 23.Nh5 Rgg8 24.Rh3 Nb5 25.Rc1
Nxc3 26.Qd3 d4 27.Nc4 Qxa2 28.Qf3 Kc7 29.Qxf7 Rde8 30.Nd6 Rgf8
31.Nxe8+ Kd8 32.Qxf8 Bxf8 33.Re1 Kxe8 34.Nf6+ Ke7 35.Rf3 Qa6+
36.Kg1 Ne2+ 37.Kh1 Qa2 38.Ng8+ Ke8 39.Nf6+ Kd8 40.Ng8 Be7 41.g3
Ke8 42.Kg2 h5 43.Nf6+ Bxf6 44.Rxf6 Qxb3 45.Rxe2 Qd5+ 46.Kh2 d3
47.Rb2 Qxe5 0-1

[Event "TG Biberach 1 - SC Weiße Dame Ulm 1"]
[Site "Oberliga Württemberg 2017/2018"]
[Date "2017.11.12"]
[Round "4"]
[White "Gebhardt, Uwe"]
[Black "Sokratov, Stanislav"]
[Result "0-1"]
[WhiteElo "1939"]
[BlackElo "2168"]
[Annotator ""]
[Source ""]
[Remark ""]

1.d4 Nf6 2.c4 e6 3.Nc3 Bb4 4.e3 O-O 5.Nge2 d5 6.a3 Bd6 7.Ng3
c5 8.Nb5 Be7 9.dxc5 Bxc5 10.Be2 a6 11.Nc3 dxc4 12.Qxd8 Rxd8 13.Bxc4
b5 14.Be2 Bb7 15.O-O Nbd7 16.b4 Bd6 17.Bb2 Rac8 18.f4 Nb6 19.e4
Bb8 20.Rfd1 Bxf4 21.Rxd8+ Rxd8 22.Rd1 Rxd1+ 23.Nxd1 Nxe4 24.Nh5
Bh6 25.Bd4 Nd5 26.Bd3 Nd6 27.Bc5 Nc4 28.a4 Bd2 29.axb5 axb5 30.Be4
f5 31.Bf3 e5 32.Bxd5+ Bxd5 33.Ng3 g6 34.Kf2 Kf7 35.h4 e4 36.Nf1
Bf4 37.g3 Be5 38.Nfe3 Nxe3 39.Nxe3 Ke6 40.Ng2 Bd6 41.Nf4+ Ke5
42.Bxd6+ Kxd6 43.Ke3 Ke5 44.Ne2 Be6 45.Nf4 Bc4 46.Nh3 h6 47.Nf4
Bf7 48.Ne2 g5 49.hxg5 hxg5 0-1

[Event "TG Biberach 1 - SC Weiße Dame Ulm 1"]
[Site "Oberliga Württemberg 2017/2018"]
[Date "2017.11.12"]
[Round "4"]
[White "Namyslo, Holger"]
[Black "Fröhlich, Franziska"]
[Result "1-0"]
[WhiteElo "2212"]
[BlackElo "1856"]
[Annotator ""]
[Source ""]
[Remark ""]

1.e4 e6 2.d4 d5 3.Nd2 Nf6 4.e5 Nfd7 5.Bd3 c5 6.c3 Nc6 7.Ndf3
f6 8.Ng5 Ndxe5 9.dxe5 fxg5 10.Qh5+ Kd7 11.Bxg5 Qe8 12.Qxe8+ Kxe8
13.Nf3 Kf7 14.h4 h6 15.Bf4 g6 16.Rh3 Bd7 17.O-O-O Rb8 18.Nh2
b5 19.Rf3 Kg7 20.Ng4 c4 21.Bc2 Ne7 22.Be3 Nf5 23.Bxf5 gxf5 24.Nf6
Bc6 25.h5 Kf7 26.Bd4 b4 27.cxb4 Bxb4 28.g4 fxg4 29.Nxg4+ Ke7
30.Rf6 Rbg8 31.Nxh6 Rg2 32.a3 Ba5 33.Bxa7 Ba4 34.Rh1 Be8 35.Bd4
Rh7 36.Bc3 Bb6 37.Nf5+ Kd7 38.Nd4 Bf7 39.h6 Bg8 40.Rh3 Bd8 41.Rff3
Rg5 42.Rfg3 Bf7 43.Rxg5 Bxg5+ 44.Bd2 Be7 45.a4 Bf8 46.Kc2 Bg6+
47.Kc3 Bd3 48.Bg5 Be4 49.Rh4 Bb1 50.a5 Rh8 51.Rh1 Bh7 52.Ra1
Bc5 53.a6 Rb8 54.Ra4 Ra8 55.Be3 Ba7 56.Rb4 Rb8 57.Rxb8 Bxb8 58.Nf3
Ke7 59.a7 1-0

[Event "Heilbronner SV 1 - SV Jedesheim 1"]
[Site "Oberliga Württemberg 2017/2018"]
[Date "2017.11.12"]
[Round "4"]
[White "Pikula, Dejan"]
[Black "Schulze, Ulrich"]
[Result "1-0"]
[WhiteElo "2473"]
[BlackElo "2282"]
[Annotator ""]
[Source ""]
[Remark ""]

1.d4 Nf6 2.Bf4 g6 3.Nc3 d5 4.e3 Bg7 5.h4 h5 6.Nf3 Bg4 7.Be2 c6
8.Ne5 Bxe2 9.Qxe2 Ne4 10.Nxe4 dxe4 11.O-O-O Nd7 12.Qc4 e6 13.Nxg6
Nb6 14.Qb3 Rg8 15.Ne5 Qe7 16.Bg3 O-O-O 17.Kb1 Bh8 18.a3 f6 19.Nc4
Nxc4 20.Qxc4 f5 21.Qe2 Rg4 22.Rh3 Rdg8 23.Qe1 e5 24.dxe5 Bxe5
25.Bxe5 Qxe5 26.g3 Rd8 27.Rh1 Rgg8 28.Qe2 Qh8 29.Qc4 Qf6 30.Kc1
Kc7 31.Rhe1 Rge8 32.a4 a6 33.c3 Kb8 34.Qc5 Rxd1+ 35.Rxd1 Rd8
36.Rxd8+ Qxd8 37.Qxf5 Qd3 38.Qxh5 Qf1+ 39.Qd1 Qxf2 40.Qd8+ Ka7
41.Qd4+ Ka8 42.Qxe4 Qxg3 43.Kc2 Qf2+ 44.Kb3 Qf7+ 45.Qc4 Qe7 46.Qd4
c5 47.Qf4 Qe6+ 48.Ka3 c4 49.Qf8+ Ka7 50.Qc5+ b6 51.Qc7+ Ka8 52.Kb4
a5+ 53.Kb5 1-0

[Event "Heilbronner SV 1 - SV Jedesheim 1"]
[Site "Oberliga Württemberg 2017/2018"]
[Date "2017.11.12"]
[Round "4"]
[White "Zuferi, Enis"]
[Black "Krassowizkij, Jaroslaw"]
[Result "1/2-1/2"]
[WhiteElo "2294"]
[BlackElo "2423"]
[Annotator ""]
[Source ""]
[Remark ""]

1.d4 Nf6 2.c4 c5 3.d5 e5 4.Nc3 d6 5.e4 Be7 6.Be2 h5 7.Nf3 h4
8.Be3 Nbd7 9.Qc2 Nf8 10.a3 Ng6 11.g3 hxg3 12.fxg3 Bh3 13.Bf1
Ng4 14.Bc1 Bxf1 15.Rxf1 Qd7 16.Qg2 a6 17.a4 O-O-O 18.h3 Nf6 19.Ng5
Rdf8 20.Bd2 Bd8 21.Kd1 Nh7 22.Nxh7 Rxh7 23.h4 Ba5 24.Kc2 Ne7
25.Nd1 Bxd2 26.Kxd2 g5 27.hxg5 Qg4 28.Ne3 Qxg5 29.Rh1 Rxh1 30.Rxh1
f5 31.Qh3 Kc7 32.Qh4 Qxh4 33.Rxh4 fxe4 34.Rxe4 Rf2+ 35.Kc3 Rf3
36.g4 Ng6 37.Kc2 Nf4 38.Nf5 Rf2+ 39.Kb3 Rg2 40.Re1 Rxg4 41.Rh1
b5 {(=)} 42.Rh7+ Kb6 43.Nxd6 Rg3+ 44.Kc2 Rg2+ 45.Kb1 Ka5 46.axb5
Nd3 47.Ra7 Nxb2 48.Rxa6+ Kb4 49.b6 Kb3 50.Kc1 Rc2+ 51.Kb1 Rg2
52.Ra3+ Kxa3 53.b7 Rg1+ 54.Kc2 Rg2+ 55.Kc1 Rg8 56.Nc8 Rg1+ 57.Kc2
Rg2+ 58.Kb1 Rg1+ 1/2-1/2

[Event "Heilbronner SV 1 - SV Jedesheim 1"]
[Site "Oberliga Württemberg 2017/2018"]
[Date "2017.11.12"]
[Round "4"]
[White "Anistratov, Dmitriy"]
[Black "Schmidt, Tobias"]
[Result "0-1"]
[WhiteElo "2233"]
[BlackElo "2223"]
[Annotator ""]
[Source ""]
[Remark ""]

1.Nf3 d5 2.g3 Nf6 3.Bg2 e6 4.c4 dxc4 5.Qa4+ c6 6.Qxc4 b5 7.Qb3
Bb7 8.a4 a6 9.O-O c5 10.axb5 c4 11.Qd1 axb5 12.Rxa8 Bxa8 13.b3
cxb3 14.Qxb3 b4 15.Ne1 Bxg2 16.Nxg2 Be7 17.Bb2 O-O 18.Bxf6 gxf6
19.Rc1 Nd7 20.d3 Qa5 21.Nd2 Rb8 22.d4 Qa3 23.Rb1 Rc8 24.Qd1 Nb6
25.e4 Qd3 26.d5 exd5 27.Nf4 Qd4 28.Nxd5 Re8 {(=)} 29.Qg4+ Kh8
30.Nxb6 Qxb6 31.Qd7 Qd8 32.Qc6 Qa8 33.Qd7 Qd8 34.Qb5 Qb8 35.Qc4
Kg8 36.Nf1 Rc8 37.Qd3 Bc5 38.Qf3 Re8 39.Qg4+ Kh8 40.Qh5 Qa7 41.Qf5
Qe7 42.Nd2 Bd4 43.Nb3 Qxe4 44.Nxd4 Qxd4 45.Qb5 Re4 46.Kg2 Kg7
47.Qb7 Re2 48.Qf3 Rd2 49.Rb3 Qc4 50.Re3 Rd4 51.h4 Qc5 52.Kh2
Rc4 53.Rd3 Qe5 54.Re3 Rxh4+ 55.Kg2 Qg5 56.Re4 Rxe4 57.Qxe4 Qc5
58.Qg4+ Kf8 59.Qh4 Kg7 60.Qg4+ Kh8 61.Qf3 Qd4 62.Qh5 Kg7 63.f4
Qe4+ 64.Kf2 b3 65.Qg4+ Qg6 0-1

[Event "Heilbronner SV 1 - SV Jedesheim 1"]
[Site "Oberliga Württemberg 2017/2018"]
[Date "2017.11.12"]
[Round "4"]
[White "Pogan, Nikolas"]
[Black "Trussevich, Sergey"]
[Result "1/2-1/2"]
[WhiteElo "2213"]
[BlackElo "2244"]
[Annotator ""]
[Source ""]
[Remark ""]

1.Nf3 c5 2.c4 Nc6 3.g3 e6 4.Nc3 Nf6 5.Bg2 Be7 6.O-O O-O 7.d4
cxd4 8.Nxd4 a6 9.b3 Qc7 10.e4 d6 11.Be3 Nxd4 12.Bxd4 Rb8 13.Ba7
Ra8 14.Bd4 Rb8 15.Ba7 Ra8 16.Be3 Bd7 17.Rc1 Rac8 18.a4 b6 19.Qd4
Rb8 20.h3 Bc8 21.Rfd1 Nd7 22.Qd3 Bb7 23.Bf4 Ne5 24.Qb1 Rfc8 25.Rd2
Bf8 26.Rcd1 Bc6 27.Be3 b5 28.axb5 axb5 29.f4 Nd7 30.Nxb5 Bxb5
31.cxb5 Rxb5 32.Bf1 Rb4 33.Rd4 Rcb8 34.Rxb4 Rxb4 35.Rd4 Rb8 36.Qd1
Nf6 37.Bc4 d5 38.exd5 exd5 39.Rxd5 Nxd5 40.Qxd5 Rd8 41.Qf5 Rd1+
42.Kf2 g6 43.Qf6 Bg7 44.Qb6 Qxb6 45.Bxb6 Rd2+ 46.Ke3 Bc3 47.Bc5
Rg2 48.Kf3 Rb2 49.g4 h5 50.Ba3 Rh2 51.Kg3 Ra2 52.Bc5 h4+ 53.Kf3
Rh2 54.Bf1 Rb2 55.Bc4 Kg7 56.Bf2 Rc2 57.Bxh4 Bd2 58.Bf2 f6 59.Bd4
Bc3 {(=)} 60.Ke4 Bxd4 61.Kxd4 Kf8 62.b4 g5 63.fxg5 fxg5 64.b5
Ke7 65.b6 Kd6 66.b7 Rb2 67.Bd5 Rb4+ 68.Kc3 Rb1 69.Be4 Rb5 70.Kc4
Rb2 71.Bf3 Rb1 72.Kd4 Rb4+ 73.Ke3 Ke5 74.Bc6 Rb3+ 75.Kd2 Kf4
76.Kc2 Rb6 77.Kd3 Kg3 78.Kd4 Kxh3 79.Kc5 Rxb7 80.Bxb7 Kxg4 1/2-1/2

[Event "Heilbronner SV 1 - SV Jedesheim 1"]
[Site "Oberliga Württemberg 2017/2018"]
[Date "2017.11.12"]
[Round "4"]
[White "Degenhard, Simon"]
[Black "Wild, Rudolf"]
[Result "1-0"]
[WhiteElo "2153"]
[BlackElo "2175"]
[Annotator ""]
[Source ""]
[Remark ""]

1.d4 Nf6 2.Nf3 c5 3.c4 cxd4 4.Nxd4 Nc6 5.Nc3 g6 6.e4 d6 7.Be2
Bg7 8.Be3 Bd7 9.O-O O-O 10.Rc1 b6 11.f3 Rc8 12.Qd2 Nxd4 13.Bxd4
Bc6 14.Rfd1 Qd7 15.b4 Rfd8 16.a4 Bxa4 17.Nxa4 Qxa4 18.b5 a5 19.Bxb6
Nd7 20.Bxd8 Rxd8 21.c5 dxc5 22.Rxc5 Nxc5 23.Qxd8+ Bf8 24.Rc1
Ne6 25.Qc8 Nd4 26.Qc4 Qa3 27.Bd3 Nxb5 28.Rb1 Nc3 29.Rb3 Qa1+
30.Bf1 Nd1 31.Qd3 e5 32.Rb8 Kg7 33.h4 Bc5+ 34.Kh2 Ne3 35.Rb1
Qa2 36.Be2 a4 37.Rb7 Bd4 38.Qb5 a3 39.Qe8 Nc2 40.h5 gxh5 41.Qe7
h6 {(=)} 42.f4 Kg6 43.f5+ Kg7 44.Rb8 1-0

[Event "Heilbronner SV 1 - SV Jedesheim 1"]
[Site "Oberliga Württemberg 2017/2018"]
[Date "2017.11.12"]
[Round "4"]
[White "Römer, Ulrich"]
[Black "Mages, Steffen"]
[Result "1/2-1/2"]
[WhiteElo "2152"]
[BlackElo "2101"]
[Annotator ""]
[Source ""]
[Remark ""]

1.d4 d5 2.Nf3 Nf6 3.e3 e6 4.Bd3 c5 5.b3 Nc6 6.O-O Be7 7.Bb2 O-O
8.c4 dxc4 9.bxc4 b6 10.Nc3 Bb7 11.d5 Nb4 12.e4 exd5 13.cxd5 Nxd3
14.Qxd3 Re8 15.Rad1 Bd6 16.Rfe1 Ng4 17.Nb5 Ne5 18.Nxe5 Bxe5 19.Bxe5
Rxe5 20.f4 Re8 21.e5 Ba6 22.a4 Qd7 23.f5 Bxb5 24.axb5 c4 25.Qxc4
{(=)} Qxf5 26.Qc7 Qg6 27.d6 1/2-1/2

[Event "Heilbronner SV 1 - SV Jedesheim 1"]
[Site "Oberliga Württemberg 2017/2018"]
[Date "2017.11.12"]
[Round "4"]
[White "Bissbort, Julian"]
[Black "Stiepan, Hans-Michael"]
[Result "1/2-1/2"]
[WhiteElo "2021"]
[BlackElo "2086"]
[Annotator ""]
[Source ""]
[Remark ""]

1.e4 e6 2.d4 d5 3.exd5 exd5 4.Bd3 Bd6 5.Nf3 Nf6 6.O-O O-O 7.Bg5
Bg4 8.Nbd2 c6 9.c3 Nbd7 10.Qc2 Qc7 11.Bh4 Rfe8 12.Rfe1 Bh5 13.Bg3
Bxg3 14.hxg3 Bg6 15.Nh4 Rxe1+ 16.Rxe1 Re8 17.Rxe8+ Nxe8 18.Nxg6
hxg6 19.Nf3 Qd8 20.Qe2 Kf8 21.Qe3 Nd6 22.Ng5 Qe7 23.Qf4 Nf6 24.g4
Kg8 25.Qe5 Kf8 26.Qf4 Kg8 27.Qe5 Kf8 28.Qf4 1/2-1/2

[Event "Stuttgarter SF 1 - SC Weiler im Allgäu 1"]
[Site "Oberliga Württemberg 2017/2018"]
[Date "2017.11.12"]
[Round "4"]
[White "Plat, Vojtech"]
[Black "Kvetny, Mark"]
[Result "1-0"]
[WhiteElo "2521"]
[BlackElo "2385"]
[Annotator ""]
[Source ""]
[Remark ""]

1.e4 c5 2.Nf3 g6 3.c3 d5 4.exd5 Qxd5 5.d4 Bg7 6.Na3 cxd4 7.Nb5
Na6 8.Nbxd4 Nc7 9.Be3 Bd7 10.a4 a6 11.Qb3 Qxb3 12.Nxb3 Nf6 13.Ne5
Nfd5 14.Nxd7 Nxe3 15.fxe3 Kxd7 16.Be2 Ne6 17.O-O f5 18.e4 Rhf8
19.exf5 gxf5 20.Bd3 f4 21.Rad1 Ng5 22.h4 Nf7 23.Nc5+ 1-0

[Event "Stuttgarter SF 1 - SC Weiler im Allgäu 1"]
[Site "Oberliga Württemberg 2017/2018"]
[Date "2017.11.12"]
[Round "4"]
[White "Benkovic, Petar"]
[Black "Henrichs, Thomas"]
[Result "0-1"]
[WhiteElo "2314"]
[BlackElo "2478"]
[Annotator ""]
[Source ""]
[Remark ""]

1.Nf3 Nf6 2.c4 g6 3.Nc3 Bg7 4.e4 d6 5.d4 O-O 6.Be2 e5 7.O-O Nc6
8.d5 Ne7 9.Ne1 Nd7 10.Nd3 f5 11.f3 f4 12.Bd2 g5 13.Rc1 Rf7 14.c5
Nf6 15.cxd6 cxd6 16.Nf2 Ng6 17.Qb3 h5 18.h3 Bf8 19.Nb5 Nh4 20.Rc2
g4 21.fxg4 hxg4 22.hxg4 Rg7 23.Rfc1 Bxg4 24.Bxg4 Nxg4 25.Nxg4
Rxg4 26.Be1 f3 27.Bxh4 Qxh4 28.Qxf3 Rf4 29.g3 Qg5 30.Qg2 Rg4
31.Rc3 Qg6 32.Qf3 Rf4 33.Qg2 Rxe4 34.Qh3 Rg4 35.Kh2 Rd8 36.Rc8
Rxc8 37.Rxc8 Rb4 38.Qe6+ Kg7 39.Rc7+ Kh6 40.Rxb7 a6 41.Rf7 Kg5
42.Rxf8 Rxb2+ 43.Kg1 Rb1+ 44.Rf1 Rxf1+ 45.Kxf1 axb5 46.Ke2 Qxe6 0-1

[Event "Stuttgarter SF 1 - SC Weiler im Allgäu 1"]
[Site "Oberliga Württemberg 2017/2018"]
[Date "2017.11.12"]
[Round "4"]
[White "Balacek, Tadeas"]
[Black "Neyman, Igor"]
[Result "0-1"]
[WhiteElo "2291"]
[BlackElo "2276"]
[Annotator ""]
[Source ""]
[Remark ""]

1.d4 d5 2.c4 e6 3.Nf3 c6 4.Nbd2 Nf6 5.e3 Nbd7 6.Bd3 Bd6 7.O-O
O-O 8.e4 e5 9.cxd5 cxd5 10.Re1 dxe4 11.Nxe4 Nxe4 12.Bxe4 h6 13.Bc2
exd4 14.Nxd4 Nf6 15.Qd3 Bc5 16.Be3 Qb6 17.b4 Bxb4 18.Reb1 Qd6
19.Nb5 Qxd3 20.Bxd3 Ba5 21.a4 Rd8 22.Be2 Bf5 23.Rc1 a6 24.Nd4
Be4 25.Nb3 Bb4 26.Bc5 Bxc5 27.Nxc5 Bd5 28.Rab1 Rac8 29.a5 Re8
30.Bd3 Re7 31.Na4 Rxc1+ 32.Rxc1 g5 33.f3 Re3 34.Nc5 Kg7 35.Kf2
Re7 36.Na4 Bc6 37.Nb6 Re5 38.Nc4 Rb5 39.Ke3 Nd5+ 40.Kd4 Nf4 41.Be4
Ne2+ 0-1

[Event "Stuttgarter SF 1 - SC Weiler im Allgäu 1"]
[Site "Oberliga Württemberg 2017/2018"]
[Date "2017.11.12"]
[Round "4"]
[White "Strunski, Andreas"]
[Black "Hasenohr, Benedict"]
[Result "0-1"]
[WhiteElo "2229"]
[BlackElo "2332"]
[Annotator ""]
[Source ""]
[Remark ""]

1.c4 c6 2.Nf3 d5 3.e3 Nf6 4.b3 Bf5 5.Bb2 e6 6.Be2 h6 7.O-O Be7
8.Nc3 O-O 9.Re1 Nbd7 10.d4 Re8 11.a3 a5 12.Bf1 Bd6 13.Ne2 Qc7
14.Ng3 Bh7 15.Rc1 Rac8 16.Bd3 Be4 17.Be2 Qb8 18.Nd2 Bh7 19.Bf3
b5 20.c5 Bc7 21.b4 Rcd8 22.bxa5 Bxa5 23.Bc3 Bc7 24.Qb3 e5 25.a4
bxa4 26.Qxa4 Qb7 27.e4 Ra8 28.Qd1 exd4 29.exd5 Rxe1+ 30.Qxe1
dxc3 31.dxc6 Qb4 32.Nde4 Ne5 33.Nxf6+ gxf6 34.Bd5 Qxc5 35.Nh5
Ng4 36.Qd1 Nxf2 37.Nxf6+ Kh8 38.Qf3 Nd3+ 39.Kh1 Nxc1 40.Nxh7
Qd6 41.g3 Ne2 42.Ng5 Ra1+ 43.Kg2 Rg1+ 44.Kh3 Rxg3+ 45.Qxg3 Qxg3+
46.hxg3 c2 47.Nxf7+ Kg7 0-1

[Event "Stuttgarter SF 1 - SC Weiler im Allgäu 1"]
[Site "Oberliga Württemberg 2017/2018"]
[Date "2017.11.12"]
[Round "4"]
[White "Wunder, Niklas"]
[Black "Hofmann, Martin"]
[Result "0-1"]
[WhiteElo "2090"]
[BlackElo "2171"]
[Annotator ""]
[Source ""]
[Remark ""]

1.d4 Nf6 2.c4 e6 3.g3 d5 4.Nf3 Be7 5.Bg2 O-O 6.O-O dxc4 7.Qc2
a6 8.Qxc4 b5 9.Qc2 Bb7 10.Bd2 Be4 11.Qc1 Nbd7 12.Ba5 Rc8 13.Nbd2
Ba8 14.Qc2 Bd6 15.e4 e5 16.Rfe1 Qe7 17.dxe5 Nxe5 18.Nd4 g6 19.f4
Bc5 20.N2b3 Nc4 21.Bc3 Bb6 22.Kh1 Ng4 23.Bf3 Nce3 24.Qd2 c5 25.Nc2
Rcd8 26.Qe2 Rd3 27.Nxe3 Rxe3 28.Qg2 Bxe4 29.Rxe3 Nxe3 30.Qe2
Qb7 31.Qxe3 Bxf3+ 32.Kg1 Qe4 33.Re1 Qxe3+ 34.Rxe3 Bd5 35.Kf1
Bc4+ 36.Kg2 Be6 37.Re5 Rc8 38.Nc1 Kf8 39.a3 Rd8 40.Ne2 Rd5 41.Kf3
h5 42.Be1 Bg4+ 43.Kf2 c4+ 0-1

[Event "Stuttgarter SF 1 - SC Weiler im Allgäu 1"]
[Site "Oberliga Württemberg 2017/2018"]
[Date "2017.11.12"]
[Round "4"]
[White "Maj, Kornel"]
[Black "Srba, Milan"]
[Result "0-1"]
[WhiteElo "2117"]
[BlackElo "2157"]
[Annotator ""]
[Source ""]
[Remark ""]

1.e4 e6 2.d4 d5 3.Nd2 Nc6 4.Ngf3 Nf6 5.e5 Nd7 6.c3 f6 7.exf6
Qxf6 8.Bb5 Bd6 9.O-O O-O 10.Nb3 e5 11.dxe5 Ndxe5 12.Qxd5+ Be6
13.Qe4 Nxf3+ 14.gxf3 Bf5 15.Qd5+ Kh8 16.f4 Bh3 17.Re1 Bxf4 18.Bxc6
bxc6 19.Qe4 Rae8 20.Bxf4 Rxe4 21.Rxe4 Qg6+ 0-1

[Event "Stuttgarter SF 1 - SC Weiler im Allgäu 1"]
[Site "Oberliga Württemberg 2017/2018"]
[Date "2017.11.12"]
[Round "4"]
[White "Wunder, Fabian"]
[Black "Gabriel, Robert"]
[Result "0-1"]
[WhiteElo "2043"]
[BlackElo "2133"]
[Annotator ""]
[Source ""]
[Remark ""]

1.d4 d5 2.c4 e6 3.Nf3 Nf6 4.g3 Bb4+ 5.Bd2 Be7 6.Bg2 O-O 7.O-O
c5 8.cxd5 exd5 9.Qc2 Ne4 10.Be3 c4 11.b3 Bf5 12.Qc1 cxb3 13.axb3
Qb6 14.Qb2 Rc8 15.Na3 Na6 16.Rac1 h6 17.Nb1 Nb4 18.Rxc8+ Rxc8
19.Rc1 Rxc1+ 20.Bxc1 Bf6 21.Bf1 Bg4 22.Be3 Bxf3 23.exf3 Ng5 24.Nd2
Ne6 25.Qb1 Bxd4 26.Bxd4 Qxd4 27.Qc1 g6 28.Be2 Nd3 29.Bxd3 Qxd3
30.Kg2 Kh7 31.Qb2 Nd4 32.b4 a6 33.Qa2 Nc6 34.Qb2 Qd4 35.Qc1 Qxb4
36.f4 a5 37.Nf3 a4 38.f5 Qe4 39.fxg6+ Kxg6 40.Qc5 Ne5 41.Qd6+
f6 0-1

[Event "Stuttgarter SF 1 - SC Weiler im Allgäu 1"]
[Site "Oberliga Württemberg 2017/2018"]
[Date "2017.11.12"]
[Round "4"]
[White "Seyfried, Claus"]
[Black "Hosticka, Frantisek"]
[Result "1-0"]
[WhiteElo "2122"]
[BlackElo "2090"]
[Annotator ""]
[Source ""]
[Remark ""]

1.e4 Nf6 2.e5 Nd5 3.d4 d6 4.c4 Nb6 5.exd6 exd6 6.Nc3 Be7 7.Bd3
O-O 8.Nge2 Nc6 9.O-O Re8 10.b3 g6 11.Be3 Bf6 12.Qd2 Bg7 13.Rfe1
Nb4 14.Bb1 a5 15.a3 Na6 16.Ba2 c6 17.Rad1 d5 18.Bg5 f6 19.Bh6
Be6 20.Bxg7 Kxg7 21.Nf4 Bf7 22.Rxe8 Qxe8 23.Re1 Qd8 24.c5 Nd7
{(=)} 25.h4 Nc7 26.Bb1 Nf8 27.Nce2 a4 28.b4 Qd7 29.Ng3 Re8 30.Rxe8
Nxe8 31.h5 Qg4 32.hxg6 hxg6 33.Bc2 Qg5 34.Bxa4 Nc7 35.Bc2 Nb5
36.a4 Na3 37.Bd3 Kg8 38.Qc1 Nc4 39.Nge2 Qg4 40.Nh3 Ne6 41.Qh6
Nxd4 42.Nxd4 Qd1+ 43.Kh2 Qxd3 44.Qf4 Kg7 45.b5 Qd1 46.bxc6 bxc6
47.Nxc6 Qxa4 48.Qc7 Qa1 49.Nf4 Ne5 50.Nd8 Qc3 51.f3 Qd2 52.Nfe6+
Kh7 53.Nxf7 Nxf3+ 54.Kg3 Qe1+ 55.Kxf3 Qf1+ 56.Kg3 Qe1+ 57.Kh3
Qxe6+ 58.Kh2 Qe3 59.Ne5+ Kg8 60.Qd8+ 1-0

[Event "SK Bebenhausen 1 - SV Stuttgart-Wolfbus"]
[Site "Oberliga Württemberg 2017/201"]
[Date "2017.11.12"]
[Round "4.1"]
[White "Häcker, Alexander"]
[Black "Braun, Georg"]
[Result "1/2-1/2"]
[WhiteElo "2222"]
[BlackElo "2297"]
[Annotator ""]
[Source ""]
[Remark ""]

1.e4 c6 2.d4 d5 3.Nc3 dxe4 4.Nxe4 h6 5.Bc4 Bf5 6.Ng3 Bh7 7.N1e2
Nf6 8.O-O e6 9.Nf4 Bd6 10.c3 O-O 11.Nfh5 Nbd7 12.f4 Nxh5 13.Qxh5
c5 14.dxc5 Bxc5+ 15.Kh1 Rc8 16.Bb3 Nf6 17.Qf3 Qd3 18.f5 Qxf3
19.Rxf3 exf5 20.Nxf5 Ne4 21.Nd4 Bxd4 22.cxd4 Bg6 23.Be3 Rfd8
24.Rff1 Nd6 25.Rac1 Bd3 26.Rfd1 Bc4 27.Kg1 Bxb3 28.axb3 Rxc1
29.Rxc1 Nb5 30.Kf2 Kf8 31.Kg3 a6 32.Rc4 Ke7 33.Kf3 Ke6 34.g4
Kd7 35.Kf4 Nc7 36.Ke4 Re8+ 37.Kd3 Nd5 38.Bd2 h5 39.gxh5 Rh8 40.h6
gxh6 41.Rc1 Rg8 42.Rf1 Ke6 43.Re1+ Kd6 44.Re2 h5 {(=)} 45.Re5
h4 46.Re4 Rh8 47.Be1 h3 48.Bg3+ Kc6 49.Re1 Rg8 50.Rc1+ Kd7 51.Rf1
f6 52.Rf5 Rg5 53.Rf2 Ke6 54.Re2+ 1/2-1/2

[Event "SK Bebenhausen 1 - SV Stuttgart-Wolfbus"]
[Site "Oberliga Württemberg 2017/201"]
[Date "2017.11.12"]
[Round "4.2"]
[White "Bräuning, Rudolf Wilhelm"]
[Black "Ruf, Matthias"]
[Result "1-0"]
[WhiteElo "2259"]
[BlackElo "2333"]
[Annotator ""]
[Source ""]
[Remark ""]

1.c4 c5 2.Nc3 g6 3.Nf3 Bg7 4.e3 Nf6 5.d4 O-O 6.Be2 cxd4 7.exd4
d5 8.O-O Nc6 9.Re1 Be6 10.c5 h6 11.a3 Ne4 12.Bb5 Bf5 13.h3 g5
14.Be3 Rc8 15.Rc1 e6 16.b4 a6 17.Bxc6 Rxc6 18.Ne5 Rc7 19.Nxe4
Bxe4 20.f3 Bh7 21.f4 f6 22.Ng4 Be4 23.Rf1 Qe8 24.Qe1 Qg6 25.Qg3
Rff7 26.Nf2 Bc2 27.Rfe1 Rce7 28.Re2 gxf4 29.Bxf4 Qxg3 30.Bxg3
Ba4 31.Bd6 Re8 32.Rce1 Bd7 33.Nd3 Bb5 34.Re3 Bxd3 {(=)} 35.Rxd3
Rd7 36.g4 Kf7 37.Kg2 Bf8 38.Bf4 Rdd8 39.Rde3 Rc8 40.Kg3 Rc6 41.a4
Rcc8 42.Rb3 Ra8 43.Kf3 Bg7 44.Rbe3 Bf8 45.Ke2 Rac8 46.Kd3 Ra8
47.h4 Rac8 48.g5 hxg5 49.hxg5 f5 50.g6+ Kxg6 51.Rxe6+ Kf7 52.R6e5
Rxe5 53.Rxe5 Rd8 54.Rxf5+ Ke8 55.Bc7 Rd7 56.Re5+ Kf7 57.Bd6 Bxd6
58.Rxd5 Ke6 59.Rxd6+ Rxd6 60.cxd6 b6 61.d5+ Kd7 62.Ke4 Kd8 63.a5
bxa5 64.bxa5 Kd7 65.Ke5 Kd8 66.Kd4 Kc8 67.Kc5 Kb7 68.d7 Kc7 69.d8Q+
Kxd8 70.Kd6 1-0

[Event "SK Bebenhausen 1 - SV Stuttgart-Wolfbus"]
[Site "Oberliga Württemberg 2017/201"]
[Date "2017.11.12"]
[Round "4.3"]
[White "Ludwig, Sebastian"]
[Black "Carstens, Andreas"]
[Result "1/2-1/2"]
[WhiteElo "2069"]
[BlackElo "2230"]
[Annotator ""]
[Source ""]
[Remark ""]

1.d4 Nf6 2.c4 g6 3.g3 Bg7 4.Bg2 O-O 5.Nc3 d6 6.Nf3 Nc6 7.O-O
Rb8 8.h3 a6 9.e4 b5 10.cxb5 axb5 11.e5 Ne8 12.Ng5 Bd7 13.e6 fxe6
14.Bxc6 Bxc6 15.Nxe6 Qd7 16.d5 Bb7 17.Nxf8 Kxf8 18.Qg4 Qxg4 19.hxg4
b4 20.Ne2 Bxd5 21.Re1 Bf3 22.g5 c5 23.a3 Nc7 24.axb4 Rxb4 25.Nc3
Be5 26.Ra5 Ne6 27.Re3 Bc6 28.Kf1 Kf7 29.Re1 Nd4 30.Rxe5 dxe5
31.Rxc5 {(=)} Ke6 32.Be3 Kd6 33.Ra5 Rxb2 34.f4 Nb5 35.Bc1 Rb3
36.Ne2 e4 37.Kf2 Kd5 38.Be3 Rb2 39.Kf1 Kc4 40.Nc1 Kb4 41.Ra2
Rxa2 42.Nxa2+ Kb3 43.Nc1+ Kc2 44.Ne2 Kd3 45.Kf2 Bd7 46.Nc1+ Kc4
47.Ke2 Bg4+ 48.Kd2 Nc3 49.Bb6 e6 50.Bg1 Nd5 51.Ba7 Ne7 52.Ke3
Bf3 53.Kf2 Nf5 54.Bb6 Bg4 55.Ba7 Kc3 56.Bb6 Kc2 57.Ne2 Bxe2 58.Kxe2
Nxg3+ 59.Ke3 Kc3 60.Ba5+ Kc4 61.Be1 Nh5 62.Kxe4 Kc5 63.Ke5 Kc6
64.Kxe6 Nxf4+ 65.Kf7 Kd5 66.Kg7 Ke4 67.Kxh7 Kf5 68.Bd2 Ne6 69.Kh6
Nd8 70.Kg7 Ne6+ 71.Kh6 Nd4 72.Be3 Nf3 73.Bc1 Ne5 74.Bd2 Nf7+
75.Kg7 Nxg5 76.Kh6 Nf3 77.Bc1 Ne5 78.Bd2 Ng4+ 79.Kg7 Nf6 80.Kh6
Nd5 81.Bc1 Nc3 82.Be3 Ne2 83.Bd2 Kf6 84.Bg5+ Kf5 85.Bd2 Nf4 86.Bxf4
Kxf4 87.Kxg6 1/2-1/2

[Event "SK Bebenhausen 1 - SV Stuttgart-Wolfbus"]
[Site "Oberliga Württemberg 2017/201"]
[Date "2017.11.12"]
[Round "4.4"]
[White "Latzke, Boris"]
[Black "Smolka, Alexander"]
[Result "1/2-1/2"]
[WhiteElo "2192"]
[BlackElo "2097"]
[Annotator ""]
[Source ""]
[Remark ""]

1.d4 e6 2.c4 f5 3.g3 Nf6 4.Bg2 Be7 5.Nf3 O-O 6.O-O d6 7.Nc3 Ne4
8.Qc2 Nxc3 9.Qxc3 a5 10.b3 Nc6 11.Bb2 Bf6 12.Qc2 e5 13.dxe5 dxe5
14.Rad1 Qe8 15.Ba3 Be7 16.Bb2 Bf6 17.Ba3 Be7 18.Bb2 1/2-1/2

[Event "SK Bebenhausen 1 - SV Stuttgart-Wolfbus"]
[Site "Oberliga Württemberg 2017/201"]
[Date "2017.11.12"]
[Round "4.5"]
[White "Behm, Simon"]
[Black "Khadempour, Farhad"]
[Result "1-0"]
[WhiteElo "2134"]
[BlackElo "2141"]
[Annotator ""]
[Source ""]
[Remark ""]

1.d4 d5 2.c4 c6 3.Nc3 Nf6 4.Nf3 e6 5.e3 Nbd7 6.Bd3 dxc4 7.Bxc4
b5 8.Bd3 Bb7 9.a3 a6 10.b4 a5 11.Rb1 axb4 12.axb4 Nd5 13.Nxd5
exd5 14.O-O Bd6 15.e4 dxe4 16.Bxe4 O-O 17.Ne5 Qc7 18.f4 Nf6 19.Bc2
Rad8 20.Rb3 Qe7 21.Rh3 h6 22.g4 Bc8 23.Rg3 Bxb4 24.g5 Rxd4 25.gxf6
Rxd1 26.fxe7 Rxf1+ 27.Kxf1 Bxe7 28.Nxc6 Bf6 29.Bb3 Bf5 30.Ne5
Rc8 31.Bb2 b4 32.Nxf7 Kf8 33.Bxf6 gxf6 34.Ke2 h5 35.Nd6 Rc5 36.Nxf5
Rxf5 37.Ke3 Ke7 38.Ke4 Rc5 39.Kd4 Rf5 40.Rf3 Rb5 41.Re3+ Kf8
42.Kc4 Rb8 43.Rh3 1-0